| 000 | 00987naa a2200241 4500 | ||
|---|---|---|---|
| 005 | 2011062305045.0 | ||
| 010 | _aB-430923 | ||
| 020 |
_a9780195666199 _c795.00 |
||
| 020 |
_a0195666194 _c795.00 |
||
| 035 | _aB-430923 | ||
| 037 | _bOxford University Press | ||
| 037 | _bAllied Pub/Ven | ||
| 082 | _a331.20477 | ||
| 100 |
_aBreman, Jan _929053 |
||
| 245 |
_aWorking in the mill no more / _cby Jan Breman |
||
| 260 |
_aNew Delhi _bOxford University Press _c2004 |
||
| 270 |
_aYMCA Library Building, Jai Singh Road _bNew Delhi _e110001 |
||
| 300 |
_a208p _c22cm (Hb) _bphotos |
||
| 500 | _aIncludes appendix | ||
| 942 |
_2ddc _cEN _mBRE _h331.20477 |
||
| 999 |
_c53103 _d53103 |
||